| 000 | 00689nam a2200157 4500 | ||
|---|---|---|---|
| 999 |
_c16406 _d16406 |
||
| 008 | 220207b ||||| |||| 00| 0 eng d | ||
| 022 | _a0893-8989 | ||
| 082 | _aDPer 363.205 P75 Sept 2013-May 2016 v. 37 & 40, n. 9-11/1-5 | ||
| 100 |
_aPeriatt, Christopher. _943871 |
||
| 245 |
_aReal world weapon retention tactics: _bwhen someone is trying to take your weapon and kill you with it, you have to react with extreme violence/ _cChristopher Periatt. |
||
| 260 |
_aCalifornia: _bBobit Business Media, _c©Sept 2013-May 2016. |
||
| 300 |
_av40 n1, pages 72-78; _billustrations: _c27 cm. |
||
| 500 | _aPolice: the law enforcement. | ||
| 650 |
_aSelf-defense _xPolice. _943834 |
||
| 942 |
_2ddc _cPER |
||